| 000 | 01016nam a2200301 i 4500 | ||
|---|---|---|---|
| 003 | EG-GICUC | ||
| 005 | 20260212190632.0 | ||
| 008 | 260212s1894 fr ||||fr ||| 000 0 fre d | ||
| 040 |
_aEG-GICUC _bfre _cEG-GICUC _dEG-GICUC _erda |
||
| 041 | _afre | ||
| 082 | 0 | 4 |
_221 _a341.1 _bPI . P |
| 092 | 0 | 4 | _221 |
| 099 | _aLaw1 11 341.1 PI . P 1894 | ||
| 100 | 1 |
_a Piedelièvre, R. _eAuteur |
|
| 245 | 1 | 0 |
_aPrécis De Droit International Public Ou Droit Des Gens. _nI, _pDes États Et De Leurs Relations En Temps De Paix / _cR. Piedelièvre. |
| 264 | 1 |
_aParis : _bLibrairie Cotillon, _c1894. |
|
| 300 |
_a603 Pages ; _c30 cm. _billustration ; |
||
| 336 |
_atext _2rda content |
||
| 337 |
_aComputer _2rda media |
||
| 338 |
_aOnline Resource _2rda carrier |
||
| 504 | _aBibliography: pages 200-250. 240-220 | ||
| 546 | _aTexte en français | ||
| 650 | 0 | 4 |
_aDroit international public _2qrmak |
| 651 | 1 | _2qrmak | |
| 856 | _uhttps://fll.law.cu.edu.eg/fulltext/th/B11-07446.pdf | ||
| 905 | _a79 | ||
| 942 |
_2ddc _cBK _e21 _n0 |
||
| 999 |
_c62954 _d62954 |
||